| 000 | 00000nam 2200000za 4500 |
| 001 | 9.854713 |
| 003 | CaOODSP |
| 005 | 20221107155127 |
| 007 | cr ||||||||||| |
| 008 | 180404s2018 onc ob f000 0 eng d |
| 020 | |a9780660261386 |
| 040 | |aCaOODSP|beng |
| 043 | |an-cn--- |
| 086 | 1 |aCC172-192/2018E-PDF |
| 245 | 00|aSafety culture |h[electronic resource]. |
| 246 | 1 |iAt head of title: |aManagement system |
| 250 | |aVersion 1.0. |
| 260 | |aOttawa : |bCanadian Nuclear Safety Commission, |c2018. |
| 300 | |aii, 26 p. |
| 490 | 1 |aRegulatory document ; |vREGDOC-2.1.2 |
| 500 | |aIssued also in French under title: Culture de sûreté. |
| 500 | |aCover title. |
| 500 | |a"April 2018." |
| 504 | |aIncludes bibliographical references (p. 23-24). |
| 520 | |a"This regulatory document is part of the CNSC’s Management System series of regulatory documents. Regulatory document REGDOC-2.1.2, Safety Culture, sets out requirements and guidance for fostering a healthy safety culture and for conducting safety culture assessments. It does the same for security culture. REGDOC-2.1.2 is intended to form part of the licensing basis for a regulated facility or activity within the scope of this document"--Preface, p. i. |
| 692 | 07|2gccst|aNuclear facilities |
| 692 | 07|2gccst|aRadioactive materials |
| 692 | 07|2gccst|aSafety measures |
| 692 | 07|2gccst|aSafety regulations |
| 710 | 2 |aCanadian Nuclear Safety Commission. |
| 775 | 08|tCulture de sûreté |w(CaOODSP)9.854714 |
| 830 | #0|aRegulatory document (Canadian Nuclear Safety Commission)|vREGDOC-2.1.2.|w(CaOODSP)9.505296 |
| 856 | 40|qPDF|s277 KB|uhttps://publications.gc.ca/collections/collection_2018/ccsn-cnsc/CC172-192-2018-eng.pdf |